Statistics for Halsey Charting Songs (Billboard Hot Rock)

Click here to take the quiz!

General Stats

  • This quiz has been taken 22 times
    (5 since last reset)
  • The average score is 16 of 20

Answer Stats

AlbumWeeks OnPeakArtist(s)Song% Correct
If I Can't Have Love, I Want Power1 Week#32Halsey1121
100%
If I Can't Have Love, I Want Power1 Week#27HalseyEasier Than Lying
100%
If I Can't Have Love, I Want Power1 Week#35HalseyGirl is a Gun
100%
If I Can't Have Love, I Want Power1 Week#31HalseyHoney
100%
If I Can't Have Love, I Want Power12 Weeks#6HalseyI am not a woman, I'm a God
100%
If I Can't Have Love, I Want Power2 Weeks#18HalseyLilith
100%
If I Can't Have Love, I Want Power3 Weeks#16Halsey ft. SUGA of BTSLilith (Diablo IV Anthem)
100%
If I Can't Have Love, I Want Power1 Week#43HalseyThe Lighthouse
100%
If I Can't Have Love, I Want Power2 Weeks#20HalseyThe Tradition
100%
If I Can't Have Love, I Want Power1 Week#29HalseyDarling
75%
Birds of Prey: The Album1 Week#15HalseyExperiment on Me
75%
If I Can't Have Love, I Want Power (Deluxe Edition)1 Week#49HalseyPeople Disappear Here
75%
If I Can't Have Love, I Want Power1 Week#39HalseyWhispers
75%
If I Can't Have Love, I Want Power1 Week#45HalseyYa'aburnee
75%
Non-Album Single20 Weeks#5YUNGBLUD & Halsey ft. Travis Barker11 Minutes
50%
If I Can't Have Love, I Want Power2 Weeks#23HalseyBells in Santa Fe
50%
Sing 2 (Original Motion Picture Soundtrack)22 Weeks#22HalseyCould Have Been Me
50%
Tickets to My Downfall26 Weeks#5Machine Gun Kelly ft. Halseyforget me too
50%
AMERICA2 Weeks#9Thirty Seconds to Mars ft. HalseyLove is Madness
50%
If I Can't Have Love, I Want Power1 Week#30HalseyYou asked for this
50%

Score Distribution

Percentile by Number Answered

Percent of People with Each Score

Your Score History

You have not taken this quiz since the last reset